Ankara Üniversitesi 5. Mitat Enç özel eğitim günleri (Record no. 7856)

MARC details
000 -BAŞLIK
Sabit Uzunlukta Kontrol Alanı 00943na a2200265 4500
001 - KONTROL NUMARASI
Denetim Alanı 13569
003 - KONTROL NUMARASI IDENTIFIER
Denetim Alanı MIRAKIL
005 - SON İŞLEM TARİHİ VE ZAMANI
Denetim Alanı 20181213155151.0
008 - SABİT-BOY VERİ ELEMANLARI - GENEL BİLGİLER
Sabit Uzunlukta Kontrol Alanı 161102b tu 000 0
035 ## - SİSTEM KONTROL NUMARASI
Sistem Kontrol Numarası 13569
040 ## - KATALOGLAMA KAYNAK
Orijinal Kataloglama Ajansı Milas
Kataloglama Dili tur
Metne Dönüştürmek Ajansı TR-AnCHP
082 ## - DEWEY ONLU SINIFLANDIRMA NUMARASI
Sınıflandırma Numarası 371.91
Ürün Numarası M57a 1997
090 ## - SINIFLAMA NUMARASI
Sınıflama Numarası 371.91 M57a 1997
111 ## - ANA GİRİŞ - TOPLANTI ADI
Giriş Elemanı Olarak Toplantı Adı Veya Yargı Alanı Adı Mitat Enç Özel Eğitim Günleri
Toplantının Yeri Ankara
Toplantı Veya Antlaşma İmzalandığı Tarihi 1997
Bölüm / Bölüm / Toplantı Sayısı 5.
245 ## - BAŞLIK TABLOSU
Başlık Ankara Üniversitesi 5. Mitat Enç özel eğitim günleri
Sorumluluk Tablosu, Vb yayına hazırlayan; Fikret Gökçe
260 ## - YAYIN, DAĞITIM, VB
Yayın, Dağıtım, Vb Yeri Ankara
Yayıncı, Dağıtıcı, Vs Adı Türkiye Sakatlar Konfederasyonu Yayınları
Yayın, Dağıtım, Vb Tarihi 1997
300 ## - FİZİKSEL TANIM
Kapsam 180 s.
Diğer Fiziksel Ayrıntıları tbl.
Boyutlar 22 sm.
490 ## - SERİSİ TABLOSU
Seri Beyanı Türkiye Sakatlar Konfederasyonu yayınları
Hacim / Ardışık Tanımı 4
650 ## - KONU KATMA GİRİŞ - TOPİKAL DÖNEM
Topikal Süreli Veya Coğrafi Ad Giriş Elemanı Fiziksel engelliler
Genel Alt Bölümü Eğitim
Coğrafi Alt Bölümü Türkiye
650 ## - KONU KATMA GİRİŞ - TOPİKAL DÖNEM
Topikal Süreli Veya Coğrafi Ad Giriş Elemanı Özel eğitim
Genel Alt Bölümü Toplantılar
Coğrafi Alt Bölümü Türkiye
650 ## - KONU KATMA GİRİŞ - TOPİKAL DÖNEM
Topikal Süreli Veya Coğrafi Ad Giriş Elemanı Engelli çocuklar
Genel Alt Bölümü Sosyo ekonomik durum
Coğrafi Alt Bölümü Türkiye
651 ## - KONU KATMA GİRİŞ - COĞRAFİ ADI
Coğrafi İsim Türkiye
Genel Alt Bölümü Sosyal politikalar
Kronolojik Alt Bölümü Engelliler
700 ## - KATMA GİRİŞ - KİŞİSEL İSİM
Kişisel Ad Gökçe, Fikret
942 ## - EKLENDİ GİRİŞ ELEMANLARI (KOHA)
Sınıflandırma Veya Raf Düzeni Kaynak Dewey Decimal Classification
Koha Öğesi Türü Books
999 ## - SİSTEM KONTROL NUMARALARI (KOHA)
Koha Biblionumber 7856
Koha Biblioitemnumber 7856
Holdings
Kalıcı Konum Mevcut Konum Edinme Tarihi Edinim Kaynak Toplam Check-Out'Lar Tam Çağrı Numarası Barkod Tarih Son Görülme İtibaren Geçerli Fiyatlar Koha Öğesi Türü
CHP Kütüphanesi CHP Kütüphanesi 08/15/2016 Bağış   371.91 M57a 1997 001021 08/15/2016 08/15/2016 Books